000 00593nam a2200193Ia 4500
003 LDD
008 190117s9999 xx 000 0 und d
020 _a9788180314681
_c₹125
040 _cLDD
041 _ahi
082 _a8H3.7 य़69252लै
100 _aयशपाल
245 0 _aलैम्पशेड
_cयशपाल
260 _aइलाहाबाद
_bलोकभारती प्रकाशन
_c2011
300 _a56पृ.
901 _aRAJ
904 _aReqst by : J.M. Parakh
942 _2ddc
_cH
999 _c167610
_d167610